Statistiques concernant Lire Dire Ecrire

Cliquez ici pour prendre le quiz!

Statistiques générales

  • Ce quiz a été pris 102 fois
  • Le résultat moyen est 14 sur 15

Statistiques - réponses

QuestionRéponse% Correct
Je .......... (dire)dis
97%
Ils .................... (écrire)écrivent
97%
Vous ............ (lire)lisez
96%
Ils .............. (dire)disent
95%
Vous ............ (écrire)écrivez
95%
Nous ............ (écrire)écrivons
95%
Je ................ (faire)fais
95%
Nous ................ (faire)faisons
94%
Il ......... (écrire)écrit
93%
Vous ................... (faire)faites
93%
Nous .................. (dire)disons
91%
Ils ................. (faire)font
91%
Nous ............ (lire)lisons
91%
Vous ....... (dire)dites
90%
Nous .......... (mettre)mettons
90%

Distribution des résultats

Percentile par nombre de réponses

% des personnes avec chaque résultat

Votre développement - résultats

Vous n’avez pas pris ce quiz